000 01074nam a2200301 a 4500
001 76711
003 BD-RjUL
005 20211209082857.0
008 200113s1950 enk b 000 0 eng
035 _a(BD-RjUL)76935
035 _a(OCoLC)350378
040 _aDLC
_cODaWU
_dOCoLC
_dUk
_dDLC
_dBD-RjUL
_beng
041 _aeng
082 _223
_a820.9004
_bWES 1950
100 1 _aWedgwood, C. V.
_q(Cicely Veronica),
_d1910-1997.
_9237472
245 1 0 _aSeventeenth-century English literature /
_cC.V. Wedgwood.
260 _aLondon;
_aNew York:
_bOxford University Press,
_c1950 [reprinted 1956,]
300 _av, 186 p.;
_c17 cm.
504 _aBibliography: p. 176-180.
650 0 _aEnglish literature
_yEarly modern, 1500-1700
_xHistory and criticism.
_9237474
651 0 _aGreat Britain
_xIntellectual life
_y17th century.
_9237475
651 0 _aGreat Britain
_xCivilization
_y17th century.
_9237476
942 _2ddc
_cBK
999 _c76711
_d76711